| 000 | 00504nmm a2200169Ia 4500 | ||
|---|---|---|---|
| 008 | 251105s9999||||xx |||||||||||||||||und|| | ||
| 020 | _a0916379876 | ||
| 041 | _aeng | ||
| 100 | _aKeller, Jean P. | ||
| 245 | 4 | _aThe Poet's Myth Of Fernán González | |
| 264 |
_a[Washington, Estados Unidos] : _bScripta Humanistica, _c1991 |
||
| 300 | _a168 páginas | ||
| 490 | _aSpanish Medieval Literature | ||
| 650 | _aSpanish literature | ||
| 856 | _uhttps://public.digitaliapublishing.com/a/260 | ||
| 942 | _cCF | ||
| 999 |
_c72966 _d72966 |
||